Geographical names as a part of the cultural heritage

Titel: Geographical names as a part of the cultural heritage / ed. by Peter Jordan ... Institut für Geographie und Regionalforschung der Universität Wien, Kartographie und Geoinformation
Beteiligt:
Körperschaft:
Veröffentlicht: Wien : Inst. für Geographie und Regionalforschung d. Univ., 2009
Umfang: 196 S. : zahlr. Kt., Ill.
Format: Buch
Sprache: Englisch
Schriftenreihe/
mehrbändiges Werk:
Wiener Schriften zur Geographie und Kartographie ; 18
RVK-Notation:
Schlagworte:
ISBN: 9783900830670
Buchumschlag
X
alg: 21188304
001A    $00077:30-04-09 
001B    $01999:13-08-17 $t16:47:42.000 
001C    $04505:05-07-12 $t15:10:58.000 
001D    $00077:30-04-09 
001U    $0utf8 
001X    $00 
002@    $0Aau 
003@    $0211883042 
003O    $0612976807 $aOCoLC 
004A    $A978-3-900830-67-0 
007A    $0592841022 $aGBV 
007T    $0Herdc0083168m 
009P    $qapplication/pdf $A2 $3Inhaltsverzeichnis $uhttp://scans.hebis.de/HEBCGI/show.pl?21188304_toc.pdf $mV:DE-605;X:Imageware 
010@    $aeng 
011@    $a2009 
021A    $aGeographical names as a part of the cultural heritage $hed. by Peter Jordan ... Institut für Geographie und Regionalforschung der Universität Wien, Kartographie und Geoinformation 
028C    $#Jordan, Petrus $7129019275 $8Jordan, Peter$Z1949- [Tp1] $9159420547 
029F    $RUniversität Wien $RUniversität Wien $#Universität Wien, Fakultät für Geowissenschaften, Geographie und Astronomie, Institut für Geographie und Regionalforschung, Arbeitsgruppe Kartographie und Geoinformation $#Universität Wien, Arbeitsgruppe Kartographie und Geoinformation $#Arbeitsgruppe Kartographie und Geoinformation Wien $#Universität Wien, Institut für Geographie und Regionalforschung, Kartographie und Geoinformation $#Universität Wien, Kartographie und Geoinformation $#Kartographie und Geoinformation Universität Wien $#Universität Wien, Institut für Geographie und Regionalforschung, Professur für Kartographie und Geoinformation $#Universität Wien, Fakultät für Geowissenschaften, Geographie und Astronomie, Institut für Geographie und Regionalforschung, Professur für Kartographie und Geoinformation $#Universität Wien, Professur für Kartographie und Geoinformation $#Professur für Kartographie und Geoinformation Wien $#Institut für Geographie und Regionalforschung, Kartographie und Geoinformation Wien $710093311-7 $8Universität Wien$bInstitut für Geographie und Regionalforschung$bArbeitsgruppe Kartographie und Geoinformation [Tb1] $9125425449 
033A    $pWien $nInst. für Geographie und Regionalforschung d. Univ. 
034D    $a196 S. 
034M    $azahlr. Kt., Ill. 
036E    $aWiener Schriften zur Geographie und Kartographie $l18 
036F    $x218 $8Wiener Schriften zur Geographie und Kartographie $9008259410 $l18 
039U    $8--Aou--Hellfritzsch, Volkmar$Z1935-2022 [Tp1]. Peter Jordan (ed.): Geographical names as a part of the cultural heritage [Rezension], 2010 $9304069299 
039U    $8--Aox--Hellfritzsch, Volkmar. Geographical names as a part of the cultural heritage. - Wien : Inst. für Geographie und Regionalforschung d. Univ.. -  2009 [Rezension], 2010 $9395066832 
044K    $#Cultural property $#Patrimoine culturel $#Patrimonio cultural $#Kulturerbe $#Kulturelles Erbe $74033560-4 $8Kulturerbe [Ts1] $9085089648 
044K    $RName $#Names, Geographical $#Noms géographiques $#Nombres geográficos $#Geographischer Name $#Geografische Onomatologie $#Geografische Namen $74130377-5 $8Geografischer Name [Ts1] $9085460664 
045Z    $8GD 9601 [Tkv] $9408310553 
045Z    $8RB 10546 [Tkv] $9411136356 
045Z    $8RB 10811 [Tkv] $9411137352 

lok: 21188304 25
101B    $030-04-09 $t16:10:29.000 
101C    $030-04-09 
101U    $0utf8 
145Z/80 $a22.4 048 
145Z/81 $a22.4 110(048) 
145Z/82 $a22.4 2230(048) 
145Z/83 $a22.4 2231(048) 
145Z/84 $a22.4 261(048) 
145Z/85 $a22.4 264(048) 

exp: 21188304 25 1 #EPN
201B/01 $013-03-25 $t10:38:41.000 
201C/01 $030-04-09 
201U/01 $0utf8 
203@/01 $0574153594 
208@/01 $a30-04-09 $bzwc 
209A/01 $aZc 232 - 18 $dd $f110 $x00 
209B/01 $a11052 $x05 
209C/01 $a2009/98 
209G/01 $a15350440 $x00 
209G/01 $aGeographie $x01 
247C/01 $8651110-7 <77/110>Mainz, Universität Mainz / Bereichsbibliothek Georg Forster-Gebäude / Geographie und Geowissenschaften $9102600597 

lok: 21188304 78

exp: 21188304 78 1 #EPN
201B/01 $019-04-17 $t15:06:38.000 
201U/01 $0utf8 
203@/01 $0791973875 
208@/01 $a12-11-16 $be 
209A/01 $a/ $f000 $x00 
220C/01 $aTitelaufnehmer: pg 
220C/01 $aHerkunft: HI Marburg 
220C/01 $aAnmerkung: *NG 
244Z/01 $2Trx $#nimeteadus üldine $#onomastika bendras $#onomatology general $#névtan általános $#onomastyka ogólnie $#náuka o menách všeobecne $#onomastika všeobecně $#Onomastik $#onomastika $8--Trx--Namenkunde$gallgemein $x01 $9391356453 
244Z/01 $2Trx $#dzieło zbiorowe $8--Trx--Sammelwerk $x02 $9391384597 
247C/01 $82080>Marburg/Lahn, Herder-Institut, Forschungsbibliothek, Bibliographieportal $9336309341
LEADER 00000cam a2200000 c 4500
001 211883042
003 DE-603
005 20170813164742.0
007 tu
008 090430s2009 xx |||| | u00||u|eng c
020 |a 9783900830670 
035 |a (DE-599)GBV592841022 
035 |a (OCoLC)612976807 
040 |a DE-603  |b ger  |c DE-603  |d DE-603 
041 |a eng 
084 |a GD 9601  |0 (DE-625)38955:  |0 (DE-603)408310553  |2 rvk 
084 |a RB 10546  |0 (DE-625)142220:12769  |0 (DE-603)411136356  |2 rvk 
084 |a RB 10811  |0 (DE-625)142220:12868  |0 (DE-603)411137352  |2 rvk 
245 0 0 |a Geographical names as a part of the cultural heritage  |c ed. by Peter Jordan ... Institut für Geographie und Regionalforschung der Universität Wien, Kartographie und Geoinformation 
264 1 |a Wien  |b Inst. für Geographie und Regionalforschung d. Univ.  |c 2009 
300 |a 196 S.  |b zahlr. Kt., Ill. 
490 1 |a Wiener Schriften zur Geographie und Kartographie  |v 18 
650 7 |a Kulturerbe  |0 (DE-588)4033560-4  |0 (DE-603)085089648  |2 gnd 
650 7 |a Geografischer Name  |0 (DE-588)4130377-5  |0 (DE-603)085460664  |2 gnd 
700 1 |a Jordan, Peter  |d 1949-  |0 (DE-603)159420547  |0 (DE-588)129019275  |2 gnd 
710 2 |a Universität Wien  |b Institut für Geographie und Regionalforschung  |b Arbeitsgruppe Kartographie und Geoinformation  |0 (DE-603)125425449  |0 (DE-588)10093311-7  |2 gnd 
787 0 8 |i Rezensiert in  |a Hellfritzsch, Volkmar, 1935-2022  |t Peter Jordan (ed.): Geographical names as a part of the cultural heritage [Rezension]  |w (DE-603)304069299 
787 0 8 |i Rezensiert in  |a Hellfritzsch, Volkmar  |t Geographical names as a part of the cultural heritage. - Wien : Inst. für Geographie und Regionalforschung d. Univ.. - 2009 [Rezension]  |w (DE-603)395066832 
830 0 |t Wiener Schriften zur Geographie und Kartographie  |v 18  |w (DE-603)008259410  |w (DE-600)1011866-4  |9 218  |7 as 
856 4 2 |m V:DE-605;X:Imageware  |q application/pdf  |u http://scans.hebis.de/HEBCGI/show.pl?21188304_toc.pdf  |3 Inhaltsverzeichnis 
924 0 |9 77/110  |a (DE-603)574153594  |b DE-77-110  |c HES  |d d  |g Zc 232 - 18 
924 0 |9 2080  |a (DE-603)791973875  |b DE-2080  |c HES  |d d  |g /